00553nam a2200169Ia 450000500170000000800410001702000150005808200130007310000130008624500620009926000370016130000180019850000480021694200060026495200980027099900150036820250613031129.0240331s9999 xx 000 0 und d a9555732906 bPERa306 aPerera,S 0aGanika wrthiya :bbhawaya prabhavaya ha agamika mehewara aNugegodabUniversity pressc2005 a85 p .,( C 1) aProstitution - Origin and Religious Mission cL 001040708LaWERCLbWERCLcSSCd2024-03-31l0o 306.74 PERp6312r2024-03-31w2024-03-31yL c5635d5635